000 00605nam a2200205 i 4500
001 96322
003 ES-MaACL
005 20230906181905.0
007 t|
008 050615s1987 fr ||||1| fre d
100 1 _aMahfuz, Naguib.
_975531
245 1 3 _aLe Palais du désir /
_cNaguib Mahfouz; traduit de l'arabe par Philippe Vigreux.
260 _aParis :
_bJean-Claude Lattés,
_c1987.
300 _a467 p. ;
_c22 cm.
490 1 _aLettres arabes
700 1 _aVigreux, Philippe.
_9114674
830 0 _aLettres arabes
_9184385
852 _aES-MaACL
_jL-12308
_bR.115795
999 _c96322
_d96322